000 00551nam a2200181Ia 4500
005 20250508152247.0
008 008 250505s9999 xx 000 0 eng d
037 _aTextual
040 _aFEDL
_beng
_cFEDL
041 _aeng
_2eng
084 _aB, JES
_qFEDL
100 _aGibran Kahlil
245 0 _aJesus: The son of man: His words and his deeds as told and recorded by those who knew him
260 _aMelbourne, Austrelia
_bWilliam Heinemann Ltd.
_c1957
300 _ax,187p.
942 _cTEXL
_hB, JES
999 _c1335356
_d1335356